000 00278nam a22001337a 4500
008 180302b xxu||||| |||| 00| 0 eng d
020 _a9780812098198
041 _aeng
080 _a51
100 _a36
101 _aMAT
245 _aCalculus
_cGootman,E.C
942 _2udc
_cBK
999 _c44079
_d44079